Normal view
MARC view
Entry Topical Term
001 - CONTROL NUMBER
- control field: 1977
003 - CONTROL NUMBER IDENTIFIER
- control field: BD-RjUL
005 - DATE AND TIME OF LATEST TRANSACTION
- control field: 20220322145936.0
008 - FIXED-LENGTH DATA ELEMENTS
- fixed length control field: 220322|| aca||aabn | a|a d
040 ## - CATALOGING SOURCE
- Original cataloging agency: BD-RjUL
- Transcribing agency: BD-RjUL
150 ## - HEADING--TOPICAL TERM
- Topical term or geographic name entry element: Book covers
- Geographic subdivision: Bangladesh
- General subdivision: History
- Chronological subdivision: 1972-2007
670 ## - SOURCE DATA FOUND
- Source citation: Work cat.: (BD-RjUL)79310: কায়েস, ইমরুল 1082, স্বাধীনতা উওর বাংলাদেশের শিশুতোষ গ্র্র্রন্থের প্রচ্ছদ ও অলংকরণ /, ২০১৩